000 00456nam a2200193Ia 4500
005 20240823011517.0
008 240823s9999||||xx |||||||||||||| ||und||
041 _aENGLISH
082 _A621.4022 P1
100 _a"Kreith,Frank"
245 0 _aPrinciples of Heat Transfer
250 _a6th
260 _b"Thomson,Aust"
500 _aTRANSFERED
650 _aHeat Transfer
_bMechanical
700 _a" Bohn,Mark S"
942 _cBK
999 _c161747
_d161747